000
00305nam a2200133Ia 4500
008
231017s9999 xx 000 0 und d
082
_a
625.85
082
_b
RUS
245
0
_a
Evaluation of Hot in Place Recycling
245
0
_c
Mark Russell
260
_b
Mark Russell
300
_c
30cm
942
_c
REP
999
_c
604806
_d
604806